| 000 | 01113pam a2200277 a 4500 | ||
|---|---|---|---|
| 999 |
_c329367 _d329367 |
||
| 001 | 4924396 | ||
| 003 | Nust | ||
| 005 | 20170504103717.0 | ||
| 008 | 950315s1995 nyua 001 0 eng | ||
| 010 | _a 95013532 | ||
| 020 | _a0306450356 (hardbound) | ||
| 020 | _a0306450364 (pbk.) | ||
| 040 |
_aDLC _cDLC _dDLC |
||
| 050 | 0 | 0 |
_aQA300 _b.S4315 1995 |
| 082 | 0 | 0 |
_a510 SHA _220 |
| 100 | 1 | _aShankar, Ramamurti. | |
| 245 | 1 | 0 |
_aBasic training in mathematics : _ba fitness program for science students / _cR. Shankar. |
| 260 |
_aNew York : _bPlenum Press, _cc1995. |
||
| 300 |
_axv, 365 p. : _bill. ; _c24 cm. |
||
| 500 | _aIncludes index. | ||
| 501 | _aH.B | ||
| 650 | 0 | _aMathematical analysis. | |
| 856 | 4 | 2 |
_3Publisher description _uhttp://www.loc.gov/catdir/enhancements/fy0819/95013532-d.html |
| 856 | 4 | 1 |
_3Table of contents only _uhttp://www.loc.gov/catdir/enhancements/fy0819/95013532-t.html |
| 906 |
_a7 _bcbc _corignew _d1 _eocip _f19 _gy-gencatlg |
||
| 942 |
_2ddc _cBK _k510 SHA |
||